000 00890cam a2200289 4500
008 090401t1996 xxu||||| |||| 00| 0 eng d
020 _a0854067736
035 _a(Sirsi) u65677
041 _aeng
050 _a711.52
090 _aRICS 1996/68ABCD
110 _aRoyal Institution of Chartered Surveyors
_94900
245 _aMixed use development : concept and realities.
260 _aLondon
_bRICS
_c1996
300 _a54p. : ill.,maps ; 30cm.
350 _a14.95
520 _aResearch project carried out for the RICS by the Department of Land Management and development, University of Reading.
650 _aDEVELOPMENT PROCESS
650 _aMIXED USE
650 _aMIXED-USE DEVELOPMENTS
650 _aURBAN AREAS
690 _aPLANNING LAW AND PRACTICE
700 _aRowley, Alan
710 _aUniversity of Reading
_93273
942 _n0
948 _c04/03/1997
999 _c94779
_d94779